000 01490nam a2200373 c 4500
003 BLK
005 20250405151221.0
008 180408b bul|||||r ||||||| ||bul||
010 _aKNG00035609000
020 _a954-528-229-0
_bиздат.: Труд
040 _aBLK
041 _aBUL
_cBUL
080 _aАмериканска литература (на САЩ)
_b821.111(73)
_x-32
_z821.111(73)-32
080 _aАмериканска литература (на САЩ)
_b821.111(73)
_x-31
_z821.111(73)-31
100 1 _aПо, Едгар Алан
_eпърви автор
_9272331
700 1 _aДамянов, Борис
_eпрев.
_9363469
139 _aПо, Едгар Алан
_bП 62
245 1 0 _aЧерният котарак
_cЕдгар Алан По; прев. Борис Дамянов.
257 _aUSA
260 София
_bТруд
_c2001
_fСофия : Миско принт
300 _a288 с.
_c20 см
380 _aX
490 1 _aСветовна класика
490 1 _3Подсерия
_aДетектив
500 _aПрев. по Prose / Edgar Allan Poe. - Други прев. : Г. Рупчев, М. Стефанов, М. Попова, Св. Христова. - Офс. изд.
653 _aромани
653 _aразкази
852 _aЦб 207931
856 4 _qpdf
_u
856 4 _qpdf
_u
942 _cKNG
_n0
_06
944 _aCR
_c15.01.2003
_lМартин Енчев
_k30575
944 _aED
_c23.11.2011
_lф /
_k
999 _c32930
_d32930